[Event "Open International Graz"]
[Date "2026.02.16"]
[White "Kozlovic, Jernej"]
[Black "Marn, Jan"]
[WhiteElo "2268"]
[BlackElo "2386"]
[Round "4.4.19"]
[Result "1/2-1/2"]

e4 {[%clk 1:30:57]} e5 {[%clk 1:28:15]} Nf3 {[%clk 1:31:19]} Nc6 {[%clk
1:28:41]} Bb5 {[%clk 1:31:40]} a6 {[%clk 1:29:06]} Ba4 {[%clk 1:32:03]} Nf6
{[%clk 1:29:32]} O-O {[%clk 1:32:26]} Be7 {[%clk 1:29:54]} Re1 {[%clk 1:32:36]}
b5 {[%clk 1:30:18]} Bb3 {[%clk 1:33:00]} d6 {[%clk 1:30:42]} a4 {[%clk 1:33:13]}
b4 {[%clk 1:31:07]} d4 {[%clk 1:33:35]} Bg4 {[%clk 1:28:43]} dxe5 {[%clk
1:33:48]} Nxe5 {[%clk 1:29:07]} Nbd2 {[%clk 1:33:46]} Qc8 {[%clk 1:29:07]} h3
{[%clk 1:30:24]} Bh5 {[%clk 1:26:10]} Re3 {[%clk 1:29:08]} O-O {[%clk 1:25:55]}
Qe1 {[%clk 1:28:25]} Nxf3+ {[%clk 1:25:38]} Nxf3 {[%clk 1:28:42]} Qb7 {[%clk
1:26:03]} a5 {[%clk 1:26:21]} d5 {[%clk 1:25:31]} exd5 {[%clk 1:15:14]} Bc5
{[%clk 1:25:52]} Rd3 {[%clk 1:14:36]} Rae8 {[%clk 1:25:11]} Be3 {[%clk 1:14:21]}
Bxf3 {[%clk 1:16:09]} gxf3 {[%clk 1:14:40]} Qc8 {[%clk 1:14:33]} Qf1 {[%clk
0:59:50]} Bd6 {[%clk 1:14:55]} Qg2 {[%clk 0:55:13]} Re5 {[%clk 1:06:59]} c4
{[%clk 0:35:47]} bxc3 {[%clk 1:04:22]} bxc3 {[%clk 0:36:06]} Rh5 {[%clk
1:03:12]} Ra4 {[%clk 0:28:49]} Rxh3 {[%clk 0:56:34]} Bf4 {[%clk 0:25:32]} Bxf4
{[%clk 0:52:27]} Rxf4 {[%clk 0:25:51]} Rh6 {[%clk 0:52:50]} Kf1 {[%clk 0:25:26]}
Qd7 {[%clk 0:47:01]} Bc2 {[%clk 0:22:40]} Qb5 {[%clk 0:33:25]} Qg5 {[%clk
0:20:04]} Qxa5 {[%clk 0:29:56]} Rh4 {[%clk 0:19:54]} Rxh4 {[%clk 0:26:08]} Qxh4
{[%clk 0:20:22]} Qa2 {[%clk 0:26:17]} Qa4 {[%clk 0:19:44]} Qxa4 {[%clk 0:26:30]}
Bxa4 {[%clk 0:20:11]} Rb8 {[%clk 0:24:53]} d6 {[%clk 0:15:15]} cxd6 {[%clk
0:24:11]} Rxd6 {[%clk 0:15:43]} a5 {[%clk 0:18:23]} c4 {[%clk 0:15:45]} Kf8
{[%clk 0:16:29]} Ra6 {[%clk 0:14:15]} Rb4 {[%clk 0:09:08]} Bb5 {[%clk 0:14:22]}
Rb1+ {[%clk 0:06:58]} Kg2 {[%clk 0:12:50]} Ra1 {[%clk 0:07:01]} c5 {[%clk
0:12:48]} Rc1 {[%clk 0:03:29]} c6 {[%clk 0:11:53]} Nd5 {[%clk 0:00:55]} Rxa5
{[%clk 0:11:20]} Nc7 {[%clk 0:01:02]} Ba4 {[%clk 0:09:58]} Ke7 {[%clk 0:00:46]}
Rh5 {[%clk 0:04:29]} h6 {[%clk 0:01:08]} Re5+ {[%clk 0:04:08]} Kd6 {[%clk
0:01:30]} Re4 {[%clk 0:04:11]} Ne6 {[%clk 0:14:09]} Bb3 {[%clk 0:10:37]} Rxc6
{[%clk 0:12:26]} Bxe6 {[%clk 0:11:02]} fxe6 {[%clk 0:12:52]} Rg4 {[%clk
0:11:23]} Rc7 {[%clk 0:12:06]} Re4 {[%clk 0:11:47]} Ke7 {[%clk 0:12:28]} Rf4
{[%clk 0:12:13]} Rc5 {[%clk 0:12:51]} Ra4 {[%clk 0:12:37]} Rg5+ {[%clk 0:13:08]}
Kh3 {[%clk 0:11:38]} Kf6 {[%clk 0:13:33]} Ra8 {[%clk 0:11:47]} Rb5 {[%clk
0:10:27]} Kg3 {[%clk 0:12:11]} Kg6 {[%clk 0:10:20]} Ra7 {[%clk 0:12:22]} Rg5+
{[%clk 0:10:25]} Kh3 {[%clk 0:12:51]} Kf6 {[%clk 0:10:03]} Rb7 {[%clk 0:13:13]}
g6 {[%clk 0:10:05]} Rb8 {[%clk 0:13:32]} Ra5 {[%clk 0:10:12]} Kg3 {[%clk
0:13:56]} Ra3 {[%clk 0:07:19]} Rf8+ {[%clk 0:14:19]} Kg7 {[%clk 0:07:19]} Re8
{[%clk 0:14:45]} Kf7 {[%clk 0:07:45]} Rb8 {[%clk 0:15:04]} h5 {[%clk 0:08:10]}
Rb7+ {[%clk 0:14:30]} Kf6 {[%clk 0:08:28]} Rb8 {[%clk 0:14:54]} g5 {[%clk
0:07:14]} Kg2 {[%clk 0:15:04]} Ra7 {[%clk 0:05:01]} Rh8 {[%clk 0:15:26]} h4
{[%clk 0:05:22]} Rf8+ {[%clk 0:15:52]} Rf7 {[%clk 0:05:46]} Ra8 {[%clk 0:16:10]}
Kg6 {[%clk 0:06:05]} Ra6 {[%clk 0:16:08]} Rf6 {[%clk 0:06:30]} Ra8 {[%clk
0:16:31]} Kf5 {[%clk 0:06:28]} Ra5+ {[%clk 0:16:41]} e5 {[%clk 0:06:53]} Ra4
{[%clk 0:16:38]} Rf8 {[%clk 0:06:44]} Rb4 {[%clk 0:16:07]} Rg8 {[%clk 0:05:58]}
Kh3 {[%clk 0:16:07]} Ra8 {[%clk 0:06:02]} Rb7 {[%clk 0:16:09]} Ra3 {[%clk
0:05:59]} Kg2 {[%clk 0:16:15]} h3+ {[%clk 0:04:48]} Kxh3 {[%clk 0:16:18]} g4+
{[%clk 0:05:12]} Kg3 {[%clk 0:15:59]} gxf3 {[%clk 0:05:37]} Rb4 {[%clk 0:15:38]}
Rc3 {[%clk 0:05:51]} Ra4 {[%clk 0:16:06]} Rb3 {[%clk 0:06:16]} Rc4 {[%clk
0:15:50]} Ke6 {[%clk 0:06:06]} Rc5 {[%clk 0:16:15]} Ra3 {[%clk 0:02:59]} Kg4
{[%clk 0:16:27]} Kd6 {[%clk 0:01:57]} Rb5 {[%clk 0:16:51]} Ke6 {[%clk 0:02:22]}

[Variant "Standard"]
[Site "Europe Echecs"]

[Event "Open International Graz"]
[Date "2026.02.16"]
[White "Gut, Lionel"]
[Black "Dahl, Christoph"]
[WhiteElo "2219"]
[BlackElo "2378"]
[Round "4.4.20"]
[Result "0-1"]

d4 {[%clk 1:30:52]} Nf6 {[%clk 1:30:56]} c4 {[%clk 1:31:17]} g6 {[%clk 1:31:21]}
Nc3 {[%clk 1:31:42]} Bg7 {[%clk 1:31:46]} e4 {[%clk 1:32:07]} d6 {[%clk
1:32:09]} Be2 {[%clk 1:32:31]} O-O {[%clk 1:32:34]} Be3 {[%clk 1:32:57]} e5
{[%clk 1:32:49]} d5 {[%clk 1:33:16]} Na6 {[%clk 1:33:14]} g4 {[%clk 1:33:36]}
Nc5 {[%clk 1:33:33]} f3 {[%clk 1:33:59]} h5 {[%clk 1:33:53]} h4 {[%clk 1:31:45]}
a5 {[%clk 1:34:18]} g5 {[%clk 1:32:09]} Nfd7 {[%clk 1:34:25]} Nh3 {[%clk
1:29:20]} Na6 {[%clk 1:32:59]} Qd2 {[%clk 1:27:39]} Ndc5 {[%clk 1:33:06]} Kf2
{[%clk 1:23:22]} Kh7 {[%clk 1:32:58]} Kg2 {[%clk 1:22:52]} f5 {[%clk 1:33:23]}
Nf2 {[%clk 1:05:29]} Qe7 {[%clk 1:23:28]} b3 {[%clk 1:04:15]} Bd7 {[%clk
1:18:33]} Rab1 {[%clk 1:02:40]} Rf7 {[%clk 1:15:54]} a3 {[%clk 0:58:33]} a4
{[%clk 1:15:26]} bxa4 {[%clk 0:54:03]} b6 {[%clk 1:15:09]} Qc2 {[%clk 0:51:14]}
Raf8 {[%clk 1:13:16]} Rb2 {[%clk 0:40:00]} fxe4 {[%clk 1:06:05]} Nfxe4 {[%clk
0:38:15]} Bf5 {[%clk 1:06:09]} a5 {[%clk 0:36:25]} bxa5 {[%clk 1:04:24]} Rb5
{[%clk 0:36:46]} a4 {[%clk 1:03:17]} Ra5 {[%clk 0:32:31]} Qd7 {[%clk 0:59:01]}
Bxc5 {[%clk 0:26:34]} Nxc5 {[%clk 0:58:36]} Nxc5 {[%clk 0:26:51]} dxc5 {[%clk
0:58:19]} Qxa4 {[%clk 0:24:39]} e4 {[%clk 0:58:05]} Qxd7 {[%clk 0:24:30]} exf3+
{[%clk 0:58:30]} Bxf3 {[%clk 0:24:15]} Bxd7 {[%clk 0:58:55]} Ne4 {[%clk
0:22:48]} Rxf3 {[%clk 0:59:20]} Rxc5 {[%clk 0:22:59]} Rxa3 {[%clk 0:56:43]}

[Variant "Standard"]
[Site "Europe Echecs"]

[Event "Open International Graz"]
[Date "2026.02.17"]
[White "Travadon, Loic"]
[Black "Chasin, Nico"]
[WhiteElo "2483"]
[BlackElo "2523"]
[Round "5.5.1"]
[Result "1/2-1/2"]

e4 {[%clk 1:27:58]} e5 {[%clk 1:28:04]} Nf3 {[%clk 1:28:04]} Nf6 {[%clk
1:28:27]} Nc3 {[%clk 1:21:33]} Nc6 {[%clk 1:28:41]} Bb5 {[%clk 1:17:05]} Nd4
{[%clk 1:28:51]} O-O {[%clk 1:16:45]} Nxb5 {[%clk 1:14:26]} Nxb5 {[%clk
1:17:07]} c6 {[%clk 1:13:40]} Nc3 {[%clk 1:17:31]} d6 {[%clk 1:13:34]} d4 {[%clk
1:17:50]} Qc7 {[%clk 1:13:50]} Bg5 {[%clk 1:10:52]} Be7 {[%clk 1:13:14]} a4
{[%clk 1:11:01]} Bg4 {[%clk 1:11:21]} Bxf6 {[%clk 1:10:32]} Bxf6 {[%clk
1:11:19]} d5 {[%clk 1:10:58]} O-O {[%clk 1:06:22]} h3 {[%clk 1:10:12]} Bd7
{[%clk 1:05:47]} Qd3 {[%clk 1:10:33]} Be7 {[%clk 1:03:43]} Rfd1 {[%clk 1:10:29]}
c5 {[%clk 0:52:54]} Nxe5 {[%clk 0:45:27]} dxe5 {[%clk 0:53:16]} d6 {[%clk
0:45:54]} c4 {[%clk 0:53:39]} Qd2 {[%clk 0:46:13]} Qxd6 {[%clk 0:53:54]} Qxd6
{[%clk 0:46:35]} Bxd6 {[%clk 0:54:22]} Rxd6 {[%clk 0:46:52]} Bc6 {[%clk
0:54:05]} Rad1 {[%clk 0:46:58]} Rfc8 {[%clk 0:54:14]} f3 {[%clk 0:45:52]} Kf8
{[%clk 0:53:57]} Kf2 {[%clk 0:46:14]} Ke7 {[%clk 0:54:20]} Ke3 {[%clk 0:46:24]}
Rd8 {[%clk 0:50:14]} Rxd8 {[%clk 0:46:49]} Rxd8 {[%clk 0:50:42]} Rxd8 {[%clk
0:47:12]} Kxd8 {[%clk 0:51:10]} a5 {[%clk 0:47:34]} Kc7 {[%clk 0:49:44]} b4
{[%clk 0:47:58]} cxb3 {[%clk 0:46:56]} cxb3 {[%clk 0:48:22]} b6 {[%clk 0:47:07]}
axb6+ {[%clk 0:48:48]} Kxb6 {[%clk 0:47:30]}

[Variant "Standard"]
[Site "Europe Echecs"]

[Event "Open International Graz"]
[Date "2026.02.17"]
[White "Radzimski, Antoni"]
[Black "Socko, Bartosz"]
[WhiteElo "2400"]
[BlackElo "2580"]
[Round "5.5.2"]
[Result "0-1"]

d4 {[%clk 1:30:59]} Nf6 {[%clk 1:30:53]} c4 {[%clk 1:30:55]} e6 {[%clk 1:31:17]}
Nc3 {[%clk 1:30:54]} Bb4 {[%clk 1:31:42]} e3 {[%clk 1:31:08]} d5 {[%clk
1:31:56]} a3 {[%clk 1:29:21]} Bxc3+ {[%clk 1:31:39]} bxc3 {[%clk 1:29:48]} c6
{[%clk 1:32:30]} a4 {[%clk 1:25:38]} O-O {[%clk 1:32:38]} Bd3 {[%clk 1:23:41]}
b6 {[%clk 1:32:20]} Ba3 {[%clk 1:19:32]} Re8 {[%clk 1:32:15]} Nf3 {[%clk
1:18:16]} Ba6 {[%clk 1:32:27]} cxd5 {[%clk 1:14:56]} Bxd3 {[%clk 1:30:42]} Qxd3
{[%clk 1:15:09]} cxd5 {[%clk 1:31:07]} O-O {[%clk 1:07:08]} Nc6 {[%clk 1:30:57]}
c4 {[%clk 0:56:08]} Na5 {[%clk 1:29:36]} c5 {[%clk 0:52:55]} Nc4 {[%clk
1:27:09]} Nd2 {[%clk 0:51:22]} Nxd2 {[%clk 1:23:39]} Qxd2 {[%clk 0:51:40]} Ne4
{[%clk 1:23:37]} Qd3 {[%clk 0:50:09]} bxc5 {[%clk 1:22:34]} Bxc5 {[%clk
0:49:37]} Qa5 {[%clk 1:16:18]} Qb5 {[%clk 0:47:59]} Qc7 {[%clk 1:15:22]} Rfc1
{[%clk 0:33:16]} Nd2 {[%clk 1:13:39]} Qd3 {[%clk 0:33:08]} Nc4 {[%clk 1:09:37]}
Rcb1 {[%clk 0:32:54]} Reb8 {[%clk 1:08:08]} Rxb8+ {[%clk 0:32:37]} Rxb8 {[%clk
1:08:31]} Rb1 {[%clk 0:33:04]} h6 {[%clk 1:01:35]} h3 {[%clk 0:31:48]} Rb7
{[%clk 0:55:41]} Qc2 {[%clk 0:29:40]} a6 {[%clk 0:52:11]} Rb4 {[%clk 0:24:10]}
Rxb4 {[%clk 0:49:28]} Bxb4 {[%clk 0:24:35]} Qb6 {[%clk 0:48:11]} Bc3 {[%clk
0:24:34]} Nd6 {[%clk 0:46:28]} Be1 {[%clk 0:24:23]} Nc4 {[%clk 0:46:34]} Bc3
{[%clk 0:24:47]} g6 {[%clk 0:44:58]} e4 {[%clk 0:23:32]} Qc7 {[%clk 0:38:22]}
exd5 {[%clk 0:21:54]} exd5 {[%clk 0:37:54]} Qb3 {[%clk 0:19:47]} Kg7 {[%clk
0:34:14]} Qc2 {[%clk 0:17:09]} Nd6 {[%clk 0:27:58]} Qe2 {[%clk 0:13:56]} Ne4
{[%clk 0:24:21]} Be1 {[%clk 0:14:12]} Qc4 {[%clk 0:19:47]} Qd1 {[%clk 0:14:06]}
Kg8 {[%clk 0:17:14]} f3 {[%clk 0:13:49]} Nd6 {[%clk 0:15:49]} Bf2 {[%clk
0:12:39]} Nf5 {[%clk 0:15:27]} Kh2 {[%clk 0:10:44]} h5 {[%clk 0:13:32]} h4
{[%clk 0:10:53]} Kh7 {[%clk 0:12:28]} Kg1 {[%clk 0:11:06]} Qa2 {[%clk 0:09:57]}
Kf1 {[%clk 0:06:33]} Ng7 {[%clk 0:05:45]} Kg1 {[%clk 0:06:14]} Ne6 {[%clk
0:05:36]} Bg3 {[%clk 0:05:35]} Qa3 {[%clk 0:04:50]} Bf2 {[%clk 0:05:03]} Nf4
{[%clk 0:03:59]} Qe1 {[%clk 0:13:53]} Qc1 {[%clk 0:11:29]} Qxc1 {[%clk 0:12:54]}
Ne2+ {[%clk 0:11:53]} Kf1 {[%clk 0:13:21]} Nxc1 {[%clk 0:12:18]} Be1 {[%clk
0:13:41]} Nd3 {[%clk 0:12:37]} Bc3 {[%clk 0:14:04]} Nf4 {[%clk 0:13:04]} g3
{[%clk 0:14:04]} Ne6 {[%clk 0:13:31]} Ke2 {[%clk 0:14:10]} Kg7 {[%clk 0:12:50]}
Ke3 {[%clk 0:14:10]} Kf6 {[%clk 0:13:10]} Bb4 {[%clk 0:09:41]} Kf5 {[%clk
0:12:04]} Bd6 {[%clk 0:08:56]} Nd8 {[%clk 0:11:39]} Bb4 {[%clk 0:08:05]} Nc6
{[%clk 0:12:01]} Bd2 {[%clk 0:08:09]} f6 {[%clk 0:12:05]} Be1 {[%clk 0:08:27]}
g5 {[%clk 0:11:10]} Bd2 {[%clk 0:08:53]} Ne7 {[%clk 0:10:00]} Ba5 {[%clk
0:09:02]} Ng6 {[%clk 0:07:52]} Be1 {[%clk 0:09:22]} Nf8 {[%clk 0:08:16]} Bb4
{[%clk 0:09:25]} Ne6 {[%clk 0:07:13]} Be1 {[%clk 0:09:38]} Nd8 {[%clk 0:04:56]}
Ba5 {[%clk 0:08:13]} Nc6 {[%clk 0:04:15]} Bd2 {[%clk 0:08:34]} Ne7 {[%clk
0:02:17]} Bb4 {[%clk 0:08:57]} Ng6 {[%clk 0:02:30]} Be1 {[%clk 0:09:21]} Nh8
{[%clk 0:02:03]} Bd2 {[%clk 0:09:37]} Nf7 {[%clk 0:02:29]} Bb4 {[%clk 0:10:05]}
Kg6 {[%clk 0:01:56]} Bf8 {[%clk 0:09:42]} Nd8 {[%clk 0:01:55]} Bb4 {[%clk
0:10:02]} Nc6 {[%clk 0:02:02]} Be1 {[%clk 0:07:44]} Ne7 {[%clk 0:02:08]} Kd3
{[%clk 0:08:06]} gxh4 {[%clk 0:01:45]} gxh4 {[%clk 0:08:29]} Kf5 {[%clk
0:02:09]} Bg3 {[%clk 0:08:36]} Ke6 {[%clk 0:02:05]} Kc3 {[%clk 0:08:36]} Nc6
{[%clk 0:02:34]} Bf4 {[%clk 0:08:39]} Kd7 {[%clk 0:03:00]} Bg3 {[%clk 0:07:43]}
Kc8 {[%clk 0:03:20]} Bd6 {[%clk 0:07:59]} Kd8 {[%clk 0:02:18]} Bf4 {[%clk
0:08:10]} Kd7 {[%clk 0:02:44]} Bg3 {[%clk 0:08:36]} Ne7 {[%clk 0:02:56]} Kb4
{[%clk 0:08:33]} Kc6 {[%clk 0:03:25]} Be1 {[%clk 0:08:29]} Kb6 {[%clk 0:03:39]}
Kb3 {[%clk 0:08:48]} Nf5 {[%clk 0:03:19]} Bf2 {[%clk 0:09:13]} Nd6 {[%clk
0:03:44]} Be1 {[%clk 0:09:14]} Nc4 {[%clk 0:04:08]} Kc3 {[%clk 0:09:39]} Ne3
{[%clk 0:04:03]} Kd3 {[%clk 0:09:56]} Nc4 {[%clk 0:01:34]} Kc3 {[%clk 0:10:18]}
Kc6 {[%clk 0:01:59]} Bg3 {[%clk 0:09:57]} Ne3 {[%clk 0:02:04]} Kd3 {[%clk
0:10:14]} Nf5 {[%clk 0:02:25]} Be1 {[%clk 0:10:31]} Ng7 {[%clk 0:02:05]} Kc3
{[%clk 0:10:37]} Kb6 {[%clk 0:02:28]} Kd3 {[%clk 0:10:25]} Ne6 {[%clk 0:02:18]}
Bd2 {[%clk 0:10:38]} Kc6 {[%clk 0:02:34]} Kc3 {[%clk 0:10:59]} Nd8 {[%clk
0:02:17]} Be1 {[%clk 0:10:56]} Nb7 {[%clk 0:02:38]} Bg3 {[%clk 0:11:16]} Na5
{[%clk 0:02:52]} Kd3 {[%clk 0:11:24]} Kd7 {[%clk 0:03:00]} Kc3 {[%clk 0:11:48]}
Nc4 {[%clk 0:03:06]} Be1 {[%clk 0:11:42]} Kc7 {[%clk 0:03:04]} Bg3+ {[%clk
0:12:07]} Kc6 {[%clk 0:03:23]} Be1 {[%clk 0:12:33]} Kb6 {[%clk 0:03:39]} Kc2
{[%clk 0:12:24]} f5 {[%clk 0:03:18]} Kc3 {[%clk 0:11:37]} Ne3 {[%clk 0:03:40]}
Bg3 {[%clk 0:07:29]} Ng2 {[%clk 0:02:38]} Kb4 {[%clk 0:07:53]} Kc6 {[%clk
0:02:26]} Kc3 {[%clk 0:08:13]} Kb6 {[%clk 0:02:31]} Kb4 {[%clk 0:08:40]} Ne3
{[%clk 0:02:56]} Kc3 {[%clk 0:09:07]} f4 {[%clk 0:03:00]} Be1 {[%clk 0:08:05]}
Kc6 {[%clk 0:03:12]} Kd3 {[%clk 0:08:23]} Kb7 {[%clk 0:03:27]} Bf2 {[%clk
0:08:34]} Nf5 {[%clk 0:03:50]} Kc3 {[%clk 0:08:59]} Kb6 {[%clk 0:04:16]} Be1
{[%clk 0:09:01]} Ne3 {[%clk 0:04:26]} Bf2 {[%clk 0:08:19]} Nd1+ {[%clk 0:04:49]}

[Variant "Standard"]
[Site "Europe Echecs"]

[Event "Open International Graz"]
[Date "2026.02.17"]
[White "Lalit Babu M R"]
[Black "Waldhausen Gordon, Frederick"]
[WhiteElo "2511"]
[BlackElo "2410"]
[Round "5.5.3"]
[Result "1-0"]

d4 {[%clk 1:27:38]} Nf6 {[%clk 1:30:52]} c4 {[%clk 1:28:00]} e6 {[%clk 1:31:16]}
Nc3 {[%clk 1:28:25]} d5 {[%clk 1:30:52]} cxd5 {[%clk 1:27:14]} exd5 {[%clk
1:31:15]} Bg5 {[%clk 1:27:31]} Be6 {[%clk 1:31:19]} e3 {[%clk 1:26:44]} Nbd7
{[%clk 1:31:36]} Bd3 {[%clk 1:25:26]} c6 {[%clk 1:31:41]} Nf3 {[%clk 1:22:52]}
Bd6 {[%clk 1:31:39]} O-O {[%clk 1:20:41]} O-O {[%clk 1:31:40]} h3 {[%clk
1:15:13]} h6 {[%clk 1:25:35]} Bf4 {[%clk 1:15:10]} Qb8 {[%clk 1:25:55]} Qd2
{[%clk 1:14:46]} Nh5 {[%clk 1:25:31]} Bxd6 {[%clk 1:11:40]} Qxd6 {[%clk
1:25:29]} Rac1 {[%clk 1:08:09]} g6 {[%clk 1:21:34]} Rfe1 {[%clk 1:02:06]} Rad8
{[%clk 1:18:41]} b4 {[%clk 0:55:43]} Qxb4 {[%clk 1:12:15]} Rb1 {[%clk 0:54:21]}
Qa5 {[%clk 1:12:32]} Rxb7 {[%clk 0:53:58]} Rb8 {[%clk 1:12:53]} Reb1 {[%clk
0:52:40]} Rxb7 {[%clk 1:12:48]} Rxb7 {[%clk 0:53:03]} Rb8 {[%clk 1:13:10]} Rxb8+
{[%clk 0:53:01]} Nxb8 {[%clk 1:13:29]} Qc2 {[%clk 0:52:47]} Ng7 {[%clk 1:08:54]}
Ne5 {[%clk 0:44:24]} Bf5 {[%clk 1:02:53]} e4 {[%clk 0:44:02]} Be6 {[%clk
0:49:17]} exd5 {[%clk 0:43:28]} cxd5 {[%clk 0:49:37]} Qb3 {[%clk 0:39:59]} Na6
{[%clk 0:43:54]} Bxa6 {[%clk 0:38:27]} Qxa6 {[%clk 0:44:04]} Nxd5 {[%clk
0:38:40]} Nf5 {[%clk 0:40:50]} Qb8+ {[%clk 0:37:16]} Kg7 {[%clk 0:38:36]} Nc7
{[%clk 0:37:19]} Qxa2 {[%clk 0:27:50]} Ne8+ {[%clk 0:36:35]} Kf8 {[%clk
0:28:14]} Nf6+ {[%clk 0:35:24]} Kg7 {[%clk 0:28:32]} Neg4 {[%clk 0:32:28]} Ne7
{[%clk 0:28:50]} Qe5 {[%clk 0:31:19]} Qb1+ {[%clk 0:27:31]} Kh2 {[%clk 0:31:41]}
Kf8 {[%clk 0:27:52]} Nh7+ {[%clk 0:30:53]} Ke8 {[%clk 0:28:00]} Ngf6+ {[%clk
0:29:09]} Kd8 {[%clk 0:28:24]} Qd6+ {[%clk 0:29:34]} Kc8 {[%clk 0:28:47]} Qxe7
{[%clk 0:29:55]} Qb8+ {[%clk 0:28:46]} g3 {[%clk 0:30:10]} Qb6 {[%clk 0:29:04]}
Ne4 {[%clk 0:30:10]} Bd5 {[%clk 0:28:07]} Nd6+ {[%clk 0:29:41]} Kb8 {[%clk
0:28:32]} Qe8+ {[%clk 0:30:03]} Kc7 {[%clk 0:28:56]} Nb5+ {[%clk 0:30:28]}

[Variant "Standard"]
[Site "Europe Echecs"]

[Event "Open International Graz"]
[Date "2026.02.17"]
[White "Suder, Jakub"]
[Black "Shengelia, David"]
[WhiteElo "2400"]
[BlackElo "2487"]
[Round "5.5.4"]
[Result "0-1"]

d4 {[%clk 1:30:40]} Nf6 {[%clk 1:30:14]} c4 {[%clk 1:31:02]} e6 {[%clk 1:30:39]}
g3 {[%clk 1:31:26]} d5 {[%clk 1:28:26]} Bg2 {[%clk 1:31:46]} Bb4+ {[%clk
1:25:55]} Bd2 {[%clk 1:32:00]} Be7 {[%clk 1:25:56]} Nf3 {[%clk 1:32:09]} Nbd7
{[%clk 1:25:32]} Qc2 {[%clk 1:30:19]} c6 {[%clk 1:23:18]} Bf4 {[%clk 1:28:10]}
Ne4 {[%clk 1:15:40]} Nc3 {[%clk 1:26:46]} Nxc3 {[%clk 1:05:08]} Qxc3 {[%clk
1:26:04]} a5 {[%clk 0:59:39]} O-O {[%clk 1:25:23]} O-O {[%clk 0:55:51]} Rfd1
{[%clk 1:19:19]} b6 {[%clk 0:27:36]} Ne5 {[%clk 1:03:00]} Nxe5 {[%clk 0:26:53]}
Bxe5 {[%clk 1:02:20]} Ba6 {[%clk 0:26:24]} b3 {[%clk 1:01:14]} Bb4 {[%clk
0:09:38]} Qc2 {[%clk 0:59:51]} Bd6 {[%clk 0:08:07]} e4 {[%clk 0:52:53]} Rc8
{[%clk 0:08:32]} Bxd6 {[%clk 0:47:15]} Qxd6 {[%clk 0:07:27]} Rac1 {[%clk
0:46:41]} Qa3 {[%clk 0:02:35]} Qd2 {[%clk 0:34:52]} dxc4 {[%clk 0:01:19]} bxc4
{[%clk 0:35:10]} Rfd8 {[%clk 0:01:43]} d5 {[%clk 0:28:58]} cxd5 {[%clk 0:02:10]}
cxd5 {[%clk 0:29:09]} Rxc1 {[%clk 0:02:22]} Rxc1 {[%clk 0:28:08]} exd5 {[%clk
0:02:41]} exd5 {[%clk 0:28:17]} Qd6 {[%clk 0:01:01]} Qe3 {[%clk 0:26:34]} Rc8
{[%clk 0:00:40]} Rxc8+ {[%clk 0:22:47]} Bxc8 {[%clk 0:01:09]} Qe8+ {[%clk
0:23:08]} Qf8 {[%clk 0:01:38]} Qc6 {[%clk 0:23:16]} Qd8 {[%clk 0:01:01]} d6
{[%clk 0:22:07]} Bd7 {[%clk 0:01:04]} Qb7 {[%clk 0:21:35]} Kf8 {[%clk 0:00:36]}
h4 {[%clk 0:20:56]} h6 {[%clk 0:00:41]} Kh2 {[%clk 0:20:11]} Be6 {[%clk
0:01:03]} Qc7 {[%clk 0:18:27]} Qxc7 {[%clk 0:01:22]} dxc7 {[%clk 0:18:55]} Bc8
{[%clk 0:01:49]} Bh3 {[%clk 0:10:29]} f5 {[%clk 0:02:17]} Kg2 {[%clk 0:10:52]}
Ke7 {[%clk 0:02:43]} Kf3 {[%clk 0:10:47]} g5 {[%clk 0:02:58]} hxg5 {[%clk
0:10:16]} hxg5 {[%clk 0:03:27]} Ke2 {[%clk 0:09:07]} Kd6 {[%clk 0:03:34]} f4
{[%clk 0:09:13]} g4 {[%clk 0:00:56]} Bf1 {[%clk 0:07:32]} Kxc7 {[%clk 0:13:59]}
Ke3 {[%clk 0:22:56]} Kc6 {[%clk 0:13:25]} Kd4 {[%clk 0:22:55]} b5 {[%clk
0:13:44]} Bg2+ {[%clk 0:19:22]} Kd6 {[%clk 0:12:19]} Bd5 {[%clk 0:17:52]} b4
{[%clk 0:12:19]} Bg8 {[%clk 0:16:47]} Kc6 {[%clk 0:09:47]} Bf7 {[%clk 0:14:28]}
Kb6 {[%clk 0:08:58]} Kc4 {[%clk 0:14:03]} Bb7 {[%clk 0:07:42]} Kd4 {[%clk
0:11:25]} Kb5 {[%clk 0:06:48]} Bg6 {[%clk 0:11:07]} Be4 {[%clk 0:07:01]} Be8+
{[%clk 0:11:05]} Bc6 {[%clk 0:06:48]} Bf7 {[%clk 0:11:10]} Bd7 {[%clk 0:05:12]}
Bb3 {[%clk 0:11:01]} Bc8 {[%clk 0:04:20]} Kd5 {[%clk 0:10:38]} Bb7+ {[%clk
0:04:39]} Kd4 {[%clk 0:10:59]} Be4 {[%clk 0:04:43]} Bd1 {[%clk 0:10:54]} Bb1
{[%clk 0:03:59]} Bb3 {[%clk 0:11:10]} a4 {[%clk 0:04:13]} Be6 {[%clk 0:10:22]}
Ka5 {[%clk 0:03:21]} Bd7 {[%clk 0:10:17]} Bxa2 {[%clk 0:02:45]} Bxf5 {[%clk
0:10:42]} a3 {[%clk 0:02:58]} Bxg4 {[%clk 0:10:32]} Bg8 {[%clk 0:03:04]}

[Variant "Standard"]
[Site "Europe Echecs"]

[Event "Open International Graz"]
[Date "2026.02.17"]
[White "Dahl, Christoph"]
[Black "Kushagra Mohan"]
[WhiteElo "2378"]
[BlackElo "2432"]
[Round "5.5.5"]
[Result "1/2-1/2"]

d4 {[%clk 1:30:59]} Nf6 {[%clk 1:30:55]} c4 {[%clk 1:31:26]} e6 {[%clk 1:31:22]}
Nc3 {[%clk 1:31:51]} Bb4 {[%clk 1:31:49]} Qc2 {[%clk 1:32:09]} d5 {[%clk
1:32:14]} cxd5 {[%clk 1:32:34]} exd5 {[%clk 1:32:41]} Bg5 {[%clk 1:32:58]} h6
{[%clk 1:33:04]} Bh4 {[%clk 1:32:47]} Nc6 {[%clk 1:33:29]} e3 {[%clk 1:32:10]}
g5 {[%clk 1:33:55]} Bg3 {[%clk 1:32:20]} h5 {[%clk 1:34:20]} Bb5 {[%clk
1:30:59]} h4 {[%clk 1:34:43]} Be5 {[%clk 1:30:24]} O-O {[%clk 1:35:06]} Bxc6
{[%clk 1:28:53]} bxc6 {[%clk 1:35:31]} a3 {[%clk 1:16:19]} Be7 {[%clk 1:13:14]}
Nf3 {[%clk 1:11:07]} Ne8 {[%clk 1:07:52]} h3 {[%clk 1:09:00]} Nd6 {[%clk
1:04:58]} Na4 {[%clk 1:05:01]} Qe8 {[%clk 0:56:36]} Nc5 {[%clk 0:48:09]} Bf5
{[%clk 0:56:13]} Qc3 {[%clk 0:44:21]} f6 {[%clk 0:55:14]} Bh2 {[%clk 0:44:01]}
Ne4 {[%clk 0:46:29]} Nxe4 {[%clk 0:42:35]} Bxe4 {[%clk 0:46:11]} Rc1 {[%clk
0:32:41]} c5 {[%clk 0:36:50]} dxc5 {[%clk 0:32:02]} Qh5 {[%clk 0:36:25]} O-O
{[%clk 0:24:36]} Bxf3 {[%clk 0:31:23]} gxf3 {[%clk 0:24:39]} Qxf3 {[%clk
0:31:48]} Qd3 {[%clk 0:19:01]} Rf7 {[%clk 0:22:26]} Bxc7 {[%clk 0:18:50]} Qxh3
{[%clk 0:09:56]} Qxd5 {[%clk 0:18:53]} Qg4+ {[%clk 0:09:54]} Qg2 {[%clk
0:17:07]} Qxg2+ {[%clk 0:09:59]} Kxg2 {[%clk 0:17:31]} Rc8 {[%clk 0:09:48]} Bd6
{[%clk 0:17:55]} Bxd6 {[%clk 0:10:04]} cxd6 {[%clk 0:18:21]} Rd8 {[%clk
0:10:09]} Rfd1 {[%clk 0:18:24]} Rfd7 {[%clk 0:10:35]} Rc6 {[%clk 0:15:19]} Kf7
{[%clk 0:10:49]} b4 {[%clk 0:15:05]} Ke6 {[%clk 0:11:13]} Ra6 {[%clk 0:14:36]}
Rxd6 {[%clk 0:09:23]} Rdxd6+ {[%clk 0:15:01]} Rxd6 {[%clk 0:09:50]} Rxa7 {[%clk
0:15:24]} Rd2 {[%clk 0:10:18]} b5 {[%clk 0:12:05]} Rb2 {[%clk 0:10:20]} a4
{[%clk 0:10:17]} g4 {[%clk 0:10:39]} Rh7 {[%clk 0:10:41]} h3+ {[%clk 0:08:50]}
Kg3 {[%clk 0:11:00]} Rb4 {[%clk 0:05:10]} f3 {[%clk 0:01:30]} gxf3 {[%clk
0:04:59]} Kxf3 {[%clk 0:01:51]} Rxa4 {[%clk 0:05:20]} Rxh3 {[%clk 0:02:16]} Rb4
{[%clk 0:04:30]} Rh5 {[%clk 0:02:41]} f5 {[%clk 0:04:18]} Rh6+ {[%clk 0:02:58]}
Ke5 {[%clk 0:04:43]} b6 {[%clk 0:03:01]} Rb3 {[%clk 0:04:40]} Ke2 {[%clk
0:02:56]} Ke4 {[%clk 0:05:01]} Kd2 {[%clk 0:03:16]} Rb2+ {[%clk 0:05:10]} Kc3
{[%clk 0:03:12]} Rb1 {[%clk 0:05:34]} Kc2 {[%clk 0:01:20]} Rb5 {[%clk 0:05:50]}
Kd2 {[%clk 0:01:22]} Rb2+ {[%clk 0:06:07]} Kc3 {[%clk 0:01:49]} Rb1 {[%clk
0:06:30]} Kc2 {[%clk 0:01:03]} Ke5 {[%clk 0:06:25]}

[Variant "Standard"]
[Site "Europe Echecs"]